000 00356 a2200157 4500
001 62774
020 _a857199286
040 _cAnchieta - Pituba
100 _aAlmeida Filho, Naomar de
240 1 0 _aIntrodução á epidemiologia
_lpor
245 1 0 _aIntrodução á epidemiologia
300 _a292
362 0 _a2002
650 4 _aMedicina
942 _cBK
999 _c62774
_d62774